000 00300nam a22001337a 4500
008 171014b xxu||||| |||| 00| 0 eng d
020 _a9780881321326
041 _aeng
080 _a33
100 _a52
101 _aMAK
245 _aTHE ECONOMICS OF GLOBAL WARMING
_cCLINE, W.R
942 _2udc
_cBK
999 _c33886
_d33886